بطء التعلم وصعوباته / (رقم التسجيلة. 81866)

تفاصيل مارك
000 -الفاتح
عناصر البيانات ثابتة الطول 00834cam a2200217 i 4500
005 - تاريخ ووقت آخر معاملة
حقل ضبط 20260203114218.0
008 - عناصر البيانات ثابتة الطول
عناصر البيانات ثابتة الطول 250721s9999 jo gr 000 0 ara d
020 ## - الترقيم الدولي المعياري للكتب (ردمك)
الترقيم الدولي المعياري للكتب (ردمك) 9957110993
082 14 - رقم تصنيف ديوي العشري
رقم التصنيف 371.926
رقم المادة ع ب د
100 1# - مدخل رئيسي – اسم شخصي
الاسم الشخصي عبدالهادي، نبيل
علاقة الشخص بالعمل/ دوره مؤلف.
245 10 - بيان العنوان
العنوان بطء التعلم وصعوباته /
بيان المسؤولية الدكتور نبيل عبد الهادي، الدكتور عمر نصرالله، الأستاذ سمير شقير.
250 ## - بيان الطبعة
بيان الطبعة الطبعة الأولى.
264 31 - بيانات النشر، التوزيع…إلخ
مكان النشر، التوزيع...إلخ عمان :
اسم الناشر، الموزع...إلخ دار وائل للطباعة والنشر،
تاريخ النشر، التوزيع...إلخ 2000.
300 ## - الوصف المادي
عدد الوحدات المكونة للوعاء 300 صفحة.
650 17 - مدخل إضافي بالموضوع - مصطلح موضوعي
مصطلح موضوعي أو اسم جغرافي كعنصر مدخل بطء التعلم.
650 17 - مدخل إضافي بالموضوع - مصطلح موضوعي
مصطلح موضوعي أو اسم جغرافي كعنصر مدخل التربية الخاصة.
700 1# - مدخل إضافي - اسم شخصي
الاسم الشخصي نصرالله،عمر
علاقة الشخص بالعمل/ دوره مؤلف.
700 1# - مدخل إضافي - اسم شخصي
الاسم الشخصي شقير،سمير
علاقة الشخص بالعمل/ دوره مؤلف.
942 ## - بيانات إضافية (كوها)
نوع التنصيف Dewey Decimal Classification
نوع المادة (كوها) كتب
المقتنيات
حالة السحب حالة الفقدان مصدر التصنيف حالة التلف غير قابل للإعارة المكتبة الرئيسية المكتبة الحالية موقع الرف تاريخ التزويد الرقم المتسلسل Total Checkouts رقم الإستدعاء الباركود تاريخ آخر ظهور تاريخ الفاتورة نوع المادة (كوها)
    Dewey Decimal Classification     المكتبة المركزية المكتبة المركزية الإعارة 28/07/2025 1625009   371.926 / ع ب د PLD00388925 28/07/2025 28/07/2025 كتب
    Dewey Decimal Classification     المكتبة المركزية المكتبة المركزية الإعارة 01/06/2016 1625003   371.926/عبد PLD00390760 28/07/2025 01/06/2016 كتب
    Dewey Decimal Classification     مكتبة الحسن العامة مكتبة الحسن العامة الإعارة 13/03/2019 535079   371.926/عبد PLD00446875 28/07/2025 13/03/2019 كتب
Implemented & Customized by: BBB with SCIT (Smart Chains for Information Technology)

Powered by Koha